00857cam a2200313 i 45000010008000000030009000080050017000170070008000340080039000420150006000810170009000870200018000960350006001140400025001200800006001450820026001511000031001772450044002082500042002522600033002943000020003274900034003475000043003815860037004246000006004616500019004676500023004868300034005090000506DO-SdBNP20171213103035.00000506100514s 2005 mx | |||| 000 f spa  a  a b  a9789707702493 a  aBPMSUbspacBPMSUe  a  4aPe863.44bV297ca 20101 aVargas Llosa, Mariod1936-13aLa casa verde /h cMario Vargas Llosa  a1a ed en México 2a. reimpresión  aMéxico :bAlfaguara,c2010 a525 p. ;c23 cm1 aBiblioteca Mario Vargas Llosa aIncluye datos biográficos del autor. aPremio Nobel de Literatura 2010. q  4aNOVELA PERUANA 4aLITERATURA PERUANA 0aBiblioteca Mario Vargas Llosa